Estática en arquitectura /

Manual introductorio a la estática aplicada. Contiene: sistema de fuerzas; Fuerzas en el plano; Equilibrio de sistemas; Equilibrio de fuerzas en el espacio; Armaduras; Arcos de tres articulaciones; fricción; Centroides.

Uloženo v:
Podrobná bibliografie
Hlavní autor: Carmona y Pardo, Mario de Jesús (autor)
Médium: Kniha
Jazyk:španělština
Vydáno: México : Trillas, 1985, c1985
Témata:
Tagy: Přidat tag
Žádné tagy, Buďte první, kdo vytvoří štítek k tomuto záznamu!

MARC

LEADER 00000nam^a2200000^a^4500
001 000184399
005 20250521000000.0
009 20260310102115.763
020 |a 968-24-1686-8 
037 |a Acervo ITESO - Biblioteca 
041 |a ESP 
082 |a 620. 103  |b CAR 
100 |a Carmona y Pardo, Mario de Jesús  |e (autor) 
245 1 0 |a Estática en arquitectura /  |c M.J. Carmona y Pardo. 
264 4 |a México :  |b Trillas,  |c 1985, c1985 
300 |a 175 p. 
336 |a texto  |b txt  |2 rdacontenido 
337 |a sin mediación  |b n  |2 rdamedio 
338 |a volumen  |b nc  |2 rdasoporte 
520 |a Manual introductorio a la estática aplicada. Contiene: sistema de fuerzas; Fuerzas en el plano; Equilibrio de sistemas; Equilibrio de fuerzas en el espacio; Armaduras; Arcos de tres articulaciones; fricción; Centroides. 
649 |a XX 
650 |a Inercia 
650 |a Principios Variacionales 
650 |a Colisiones (Física) 
650 |a Elasticidad 
650 |a Equilibrio 
650 |a Fricción 
650 |a Desgaste (Mecánica) 
650 |a Dinámica de Cuerpos Rígidos 
650 |a Estática 
650 |a Superficies (Física) 
650 |a Mecánica 
650 |a Construcción 
650 |a Arquitectura 
910 |a Fondo General 
920 |a Impresos - Libros 
930 |a Colección General 
905 |a 101 
901 |a 0500125366  |b IT1  |c ACC  |u 20250521 
902 |a https://opac.biblio.iteso.mx/vufind/Record/000184399